| 000 | 01144nam a22003377a 4500 | ||
|---|---|---|---|
| 001 | BR7503720 | ||
| 003 | BR-BrBNA | ||
| 005 | 20230928084824.0 | ||
| 007 | ta | ||
| 008 | 230509b bl.||||| |||| 00| 0 por d | ||
| 040 |
_aBR-BrBNA _bpor _cBiblioteca Nacional de Agricultura |
||
| 041 | _a(Por) | ||
| 072 |
_aP05 _b/G514 |
||
| 090 | _ P05 BR7503720 | ||
| 100 | 1 | _aSilva, E.F. da | |
| 100 | 1 | _aHennig, A. | |
| 100 | 1 | _aCrivela, G. | |
| 100 | 1 | _aPerin, I.B. | |
| 110 | 1 |
_aCoordenadoria Estadual de Planejamento Agricola, Porto Alegre, RS (Brasil) _92991 |
|
| 245 | 1 | _aAlternativas metodologicas para a determinacao do consumo de derivados do petroleo na agricultura a nivel de municipio (oleo diesel e fuel oil)[Rio Grande do Sul, Brasil] | |
| 260 | 3 |
_aPorto Alegre, RS (Brasil): _c1975. |
|
| 300 | _a23 p. | ||
| 500 | _aNumerical data. (*) Documento disponível na(o) Comissao Estadual de Planejamento Agricola, Porto Alegre, RS (Brazil) | ||
| 650 | _aAGRICULTURA | ||
| 650 | _aCONSUMO | ||
| 650 | _aENERGIA | ||
| 650 | _aCOMBUSTIVEL | ||
| 650 | _aRIO GRANDE DO SUL | ||
| 909 |
_a202309 _bLucia _c55 _dLucia Elande |
||
| 942 | _cBK | ||
| 999 |
_c21288 _d21288 |
||